[Event "Hamburg St Pauli op-B"]
[Site "Hamburg"]
[Date "2014.07.24"]
[Round "6"]
[White "Blanco Cardenas, Ernesto"]
[Black "Woelk, Tom Frederic"]
[Result "1-0"]
[WhiteElo "1863"]
[BlackElo "1080"]
[PlyCount "35"]
[EventDate "2014.07.19"]
[EventType "swiss"]
[EventRounds "9"]
[EventCountry "GER"]
[SourceTitle "CBM 161 Extra"]
[Source "ChessBase"]
[SourceDate "2014.08.29"]
[SourceVersion "1"]
[SourceVersionDate "2014.08.29"]
[SourceQuality "1"]

1. d4 d5 2. Nf3 Nf6 3. c4 e6 4. g3 Be7 5. Bg2 0-0 6. 0-0 Bd7 7. Ne5 c5 8. cxd5 cxd4 9. dxe6 Bc6 10. exf7+ Kh8 11. Nxc6 Nxc6 12. Nd2 Qc7 13. Ne4 Nxe4 14. Bxe4 Rad8 15. Bf4 Qb6 16. Qc2 g6 17. Bxc6 bxc6 18. Be5+ 1-0